000 00475nam a2200181Ia 4500
003 OSt
005 20200814113450.0
008 190216s9999||||xx |||||||||||||| ||und||
020 _a0333933893
040 _coclc
082 _a543
_bUSH/A
100 _aUsharani, S
_94129
245 0 _aAnalytical Chemistry /
_cS Usharani
260 _bMacmillan,
_aDelhi:
_c2000.
300 _a397p
650 _aChemistry
942 _cBK
_2ddc
_h543
_iUSH/A
_k543
_mUSH/A
999 _c3282
_d3282